Statistics for Largest Meat-Eating Dinosaurs

Click here to take the quiz!

General Stats

  • This quiz has been taken 1,912 times
  • The average score is 3 of 5

Answer Stats

Feet LongDinosaur% Correct
40-50 ft.Tyrannosaurus Rex
99%
40-70 ft.Spinosaurus
87%
40-48 ft.Giganotosaurus
71%
35-45 ft.Allosaurus
58%
40-45 ft.Carcharodontosaurus
27%

Score Distribution

Percentile by Number Answered

Percent of People with Each Score

Your Score History

You have not taken this quiz